| 000 | 00459nam a2200145Ia 4500 | ||
|---|---|---|---|
| 008 | 231129s2014||||xx |||||||||||||| ||spa|| | ||
| 020 | _a978-958-8323-75-6 | ||
| 040 | _bspa | ||
| 082 | _a631.4786167 I59e | ||
| 100 | _aInstituto Geográfico Agustín Codazzi. Subdirección de Agrología. | ||
| 245 | 0 | _aEl Institiuto | |
| 260 | _c2014 | ||
| 264 | _aBogotá Colombia : Imprenta Nacional de Colombia | ||
| 942 |
_2ddc _cBKS |
||
| 999 |
_c11375 _d11375 |
||